Sběratel dívek

Saved in:
Bibliographic Details
Main Author Decastelo, René
Format Electronic eBook
LanguageCzech
Published Cosmopolis 2026
Edition1. elektronické vydání
Subjects
Online AccessDostupné v BOOKPORT po přihlášení pomocí eduID
ISBN978-80-247-9498-3
978-80-247-9499-0
978-80-271-5440-1
Physical Description1 online zdroj (288 stran)

Cover

LEADER 00000nam a2200000 i 4500
001 bkp15448
003 CZ-prgp
005 20260522152713.0
006 m o d
007 cr cn
008 260522s2026 xr o 000 1 cze
020 |a 978-80-247-9498-3  |c 305 Kč  |q (online ; pdf) 
020 |a 978-80-247-9499-0  |c 305 Kč  |q (online ; epub) 
020 |a 978-80-271-5440-1  |c 379 Kč  |q (print) 
040 |a Grada  |b cze  |e rda 
100 1 |a Decastelo, René 
245 1 0 |a Sběratel dívek  |c René Decastelo 
250 |a 1. elektronické vydání 
264 1 |b Cosmopolis  |c 2026 
300 |a 1 online zdroj (288 stran) 
336 |a text  |b txt  |2 rdacontent 
337 |a počítač  |b c  |2 rdamedia 
338 |a online zdroj  |b cr  |2 rdacarrier 
520 3 |a Závod s časem, v němž jsou v sázce životy nevinných i kariéra vyšetřovatelky Daniely Hrubé. Praha je daleko a na okresním městě platí jiná pravidla. Dokáže Daniela zastavit vraha dřív, než se ozve další hlášení o zmizení? 
650 0 4 |a Beletrie 
650 0 4 |a Dobrodružství, napětí, thrillery 
650 0 4 |a Česká současná beletrie 
650 0 4 |a Krimi, detektivky 
856 4 0 |u https://www.bookport.cz/AccountSaml/SignIn/?idp=https://shibboleth.utb.cz/idp/shibboleth&returnUrl=/kniha/sberatel-divek-16113/  |y Dostupné v BOOKPORT po přihlášení pomocí eduID